Reglamento especial de la sección de aprendices colocados por la Casa Provincial de Caridad de Barcelona
Descripción Física:
4 p. ; 25 cm
MARC
| LEADER | 00000nam a2200000Ia 4500 | ||
|---|---|---|---|
| 001 | 16838 | ||
| 008 | 160829s1880?] xx 000 0 cat d | ||
| 080 | |a RF-13-53 | ||
| 245 | |a Reglamento especial de la sección de aprendices colocados por la Casa Provincial de Caridad de Barcelona | ||
| 260 | |a [Barcelona : |b s.n, |c 1880?] | ||
| 300 | |a 4 p. ; |c 25 cm | ||
| 590 | |a Prové de la caixeta de Casa de Caritat, any 1880, núm. 2263. | ||
| 590 | |a Hi ha un duplicat a: DUP-73-21 | ||
| 610 | 2 | 0 | |a Casa de Caritat (Barcelona, Catalunya) |x Reglaments i procediment |9 54379 |
| 710 | |a Casa de Caritat (Barcelona, Catalunya) |9 52406 | ||
| 710 | |a Casa de Caritat (Barcelona, Catalunya) |9 52406 | ||
| 856 | 4 | |u https://media.diba.cat/diba/fitxers/arxiu/fulletons/bib_16838_1880_baixa.pdf |y Accés lliure | |
| 856 | 4 | |u https://media.diba.cat/diba/fitxers/arxiu/fulletons/bib_16838_1880_baixa.pdf |y Accés lliure | |
| 901 | |a Arxiu | ||
| 942 | |n 1 |2 udc | ||
| 952 | |0 0 |1 0 |4 0 |6 RF1353 |7 1 |9 49330 |a Arxiu |b Arxiu |d 2016-12-01 |l 0 |o RF-13-53 |p 16838 |r 2016-12-01 00:00:00 |w 2016-12-01 |y ARXIU | ||
| 999 | |c 53172 |d 53172 | ||
| 900 | |a bib_16838_1880_baixa.pdf | ||